Methodologies for the appraisal of conservation easements (Registro nro. 2368)

Detalles MARC
000 -CABECERA
Campo de control 00523nam a2200181 a 4500
005 - FECHA Y HORA DE LA ULTIMA TRANSACCION
Campo de control 20140708084229.0
008 - ELEMENTOS DE LONGITUD FIJA—INFORMACION GENERAL
Campo de control 140305b2001 txu||||| |||| 00| 0 eng d
041 ## - IDIOMA
Código de idioma para texto/pista de sonido o título separado Inglés
044 ## - PAÍS DE PUBLICACIÓN
País de publicación Estados Unidos
090 ## - CLASIFICACIÓN LOCAL
Colección LB
Consecutivo 333.33.W87m
100 ## - ASIENTO PRINCIPAL--NOMBRE PERSONAL
Nombre personal Wong Reyes, José Ivan
245 ## - MENCION DE TITULO
Título Methodologies for the appraisal of conservation easements
260 ## - PUBLICACION, DISTRIBUCION, ETC. (PIE DE IMPRENTA)
Lugar de publicación, distribución, etc. Arlington
Nombre del editor, distribuidor, etc. Nature Conservancy
Fecha de publicación, distribución, etc. 2001
300 ## - DESCRIPCION FISICA
Extensión 55
650 ## - ASIENTO SECUNDARIO DE MATERIA - TERMINO TEMATICO
Término temático o nombre geográfico como elemento de entrada Servidumbres ecológicas
650 ## - ASIENTO SECUNDARIO DE MATERIA - TERMINO TEMATICO
Término temático o nombre geográfico como elemento de entrada Métodos de evaluación
942 ## - ELEMENTOS ADICIONALES (KOHA)
Tipo de ítem Impreso
Sistema de clasificación Local
Koha issues (borrowed), all copies 1
Existencias
Withdrawn status Lost status Sistema de Clasificación Damaged status No para préstamo Colección Inventariado Ubicación Permanente Ubicación actual Fecha de adquisición Fuente de Valor Valor Total Checkouts Número topográfico Inventario / Código de Barras Date last seen Date checked out Ejemplar Price effective from Forma de adquisición Tipo de material
    Dewey Decimal Classification     General Inventariado 2017 Bogotá Bogotá 26/06/2001 Instituto 39000.00 1 LB-333.33.W87m 002929 04/07/2014 13/06/2014 Ej. 1 04/12/2012   Libro